00548nam a22001697a 450000500170000001000150001702000260003203500140005803700130007208200180008510000190010324500820012226000450020427000660024930000270031550000360034220180328113005.0 aENG-122428 c750.00a9780199470655 aEN-105960 bDBAD/PUB a305.697095416 aJamil, Ghazala aAccumulation by Segregation :cby Ghazala JamilbMuslim localities in delhi / aNew DelhibOxford University Pressc2017 bNew Delhie110002a2/11 Ground Floor, Ansari Road, Daryaganj, a240p.c23cm.(Hb)bill. aIncludes references [and] index